| 000 | 00904nam a22002537a 4500 | ||
|---|---|---|---|
| 999 |
_c7221 _d7221 |
||
| 003 | AR-CdUCM | ||
| 008 | 190320b ||||| |||| 00| 0 spa d | ||
| 020 | _a968-18-2139-4 | ||
| 040 |
_aMUNICIPALIDAD PROVINCIAL DEL CUSCO _cBIBLIOTECA MUNICIPAL DEL CUSCO |
||
| 041 | _heng | ||
| 082 |
_a621.38 / _bM57 |
||
| 100 |
_aMileaf, Harry _920353 |
||
| 245 | _aCurso práctico de Electrónica / | ||
| 260 |
_aMéxico D. F. : _bLimusa, _c1986. |
||
| 300 |
_aXXIV, 2-112, páginas ; _bilustraciones, _c23 cm. |
||
| 440 |
_aEdiciones Ciencia y Técnica. _920354 |
||
| 505 | _aContenido: Señales electrónicas -- Señales de c-c -- Modulación -- Bandas laterales -- Modulación de banda lateral ... | ||
| 650 |
_aElectrónica _920355 |
||
| 650 |
_aModulación _920356 |
||
| 650 |
_aSeñal de TV, FM _920357 |
||
| 700 |
_aDignowity, Lionel (versión española) _920358 |
||
| 942 |
_2ddc _cLIBROS |
||
| 945 | _aachl | ||